LEADER 01371nam a2200301 i 4500 001 000000132784 003 CaOOAMICUS 005 20180924104124.0 008 041216s2001 it u000 u ita u 013 $a105794 020 $a88-86617-93-3 040 $aSeMil$bita 245 10$aNoi, gli altri, noi versus gli altri :$bSaggi su identità, pregiudizio e sulla strutturazione culturale della «differenza» /$cPierfranco Malizia (a cura di) 260 $a[Cantalupa (Torino)] :$bEffatà,$ccopyr. 2001. 300 $a221 p. ;$c21 cm. 490 0 $aAccademia ;$v6 500 $aContiene : Bibliografia. 650 4$aAlterità.$0(OLS)http://semarc/subject/1116 650 4$aIdentità culturale.$0(OLS)http://semarc/subject/26126 700 1 $aMalizia, Pierfranco.$0(OLS)http://semarc/name/54630 830 0$aAccademia ;$v6.$0(OLS)http://semarc/title/11916 850 $aSeMil 852 $aSeMil$W1$xVenegono$y1$m769 4 6 *$j86685$B86685$CSeMilBibl$Z2$F90442 $81 961 $aLascito: Cornati don Dario 996 $6020$a88-86617-93-3$9(OLS)http://semarc/number/119887 996 $6245$aNoi, gli altri, noi versus gli altri :$bSaggi su identità, pregiudizio e sulla strutturazione culturale della «differenza»$9(OLS)http://semarc/title/194975 996 $6260$a[Cantalupa (Torino)] :$bEffatà$9(OLS)http://semarc/publisher/46752 LEADER 01354nam a2200289 i 4500 001 000000353065 003 CaOOAMICUS 005 20230310115501.0 008 230310s2022 fr u000 u fre u 020 $a978-2-204-15415-4 040 $aSeMil$bita 100 1 $aSimoens, Yves,$d<1942- >.$0(OLS)http://semarc/name/90962 245 10$aServir l'Ecriture Sainte comme Parole de Dieu :$bun chemin de vie /$cYves Simoens. 264 1$aParis :$bLes Éditions du Cerf,$c2022. 300 $a686 p. ;$c22 cm 490 1 $aLectio divina ;$v283 504 $aBibliographie, p. 657-676 650 4$aBibbia. Nuovo Testamento - Relazione [con] Antico Testamento.$0(OLS)http://semarc/subject/44682 650 4$aBibbia - Parola di Dio.$0(OLS)http://semarc/subject/9277 650 4$aBibbia. Antico Testamento - Relazione [con] Nuovo Testamento.$0(OLS)http://semarc/subject/6008 830 0$aLectio divina ;$v283.$0(OLS)http://semarc/title/8 850 $aSeMil 852 $aSeMil$W1$xVenegono$y1$m2WA K 300$j238373$B244295$CSeMilBibl$Z2$F244295 $81 996 $6020$a978-2-204-15415-4$9(OLS)http://semarc/number/297748 996 $6245$aServir l'Ecriture Sainte comme Parole de Dieu :$bun chemin de vie$9(OLS)http://semarc/title/443058 996 $6264$aParis :$bLes Éditions du Cerf$9(OLS)http://semarc/publisher/29611